Statistics for Svenska Kändisar

Click here to take the quiz!

General Stats

  • This quiz has been taken 301 times
  • The average score is 14 of 22

Answer Stats

LedtrådSvensk% Correct
Popgrupp som sjöng "Mamma Mia!"ABBA
95%
Statsminister som mördades i 1986Olof Palme
93%
Uppfann dynamitenAlfred Nobel
92%
Sveriges topp fotbollsspelareZlatan Ibrahimović
91%
DJ av "Wake Me Up"Avicii
89%
Statsminister mellan 2014-2021Stefan Löfven
87%
"Pippi Långstrump"Astrid Lindgren
76%
11-gångers Grand Slam
tennis mästare
Björn Borg
76%
Uppfann världens mest använt
temperatur enhet
Anders Celsius
75%
IKEA grundareIngvar Kamprad
74%
Botaniker som nämnde blommorCarl von Linné
70%
Hon sjöng "Dancing On My Own"Robyn
63%
Den första svenska kungen
efter Kalmarunionen
Gustav Vasa
61%
Drottning som konverterade
till Katolicismen
Kristina
54%
Kvinnliga stjärnan i "Casablanca"Ingrid Bergman
47%
FN:s generalsekreterare, 1953–1961Dag Hammarskjöld
43%
Dramatiker som skrev "Fröken Julie"August Strindberg
38%
Ivan Drago's skådespelare
i Rocky IV
Dolph Lundgren
36%
Författaren som skrev "Millennium"Stieg Larsson
36%
Statsminister under
andra världskriget
Per Albin
Hansson
30%
Stjärnan i "Ninotchka"Greta Garbo
26%
En av Europas skyddspatronerHeliga Birgitta
18%

Score Distribution

Percentile by Number Answered

Percent of People with Each Score

Your Score History

You have not taken this quiz